ՀՀ Գիտությունների ազգային ակադեմիայի հիմնարար գիտական գրադարան  =   Fundamental Scientific Library of NAS RA

Армения, декабрь, 88 / (Record no. 523021)

MARC details
000 -LEADER
fixed length control field 01350nam a2200289 a 4500
003 - CONTROL NUMBER IDENTIFIER
control field AM-YEHGA
005 - DATE AND TIME OF LATEST TRANSACTION
control field 20250618080038.0
008 - FIXED-LENGTH DATA ELEMENTS--GENERAL INFORMATION
fixed length control field 950417s1990 ai a||||r|||||000|||rus||
020 ## - INTERNATIONAL STANDARD BOOK NUMBER
International Standard Book Number 554000812X
040 ## - CATALOGING SOURCE
Original cataloging agency AM-YeHGA
041 1# - LANGUAGE CODE
Language code of text/sound track or separate title rus
001 - CONTROL NUMBER
control field 1287893
090 ## - LOCALLY ASSIGNED LC-TYPE CALL NUMBER (OCLC); LOCAL CALL NUMBER (RLIN)
-- 526626
245 00 - TITLE STATEMENT
Title Армения, декабрь, 88 /
Statement of responsibility, etc. [Авт.-сост. Л.Ф. Григорова, А.А.Гаспарян, Л.Х.Манукян ; Худ. Н.П.Степанов].
260 ## - PUBLICATION, DISTRIBUTION, ETC.
Place of publication, distribution, etc. Ереван :
Name of publisher, distributor, etc. Айастан,
Date of publication, distribution, etc. 1990.
300 ## - PHYSICAL DESCRIPTION
Extent 558, [2] с. :
Other physical details фотоил. ;
Dimensions 26 см.
650 14 - SUBJECT ADDED ENTRY--TOPICAL TERM
Topical term or geographic name entry element История Армении
9 (RLIN) 5447
650 14 - SUBJECT ADDED ENTRY--TOPICAL TERM
Topical term or geographic name entry element Сейсмология
General subdivision Очаги землетрясений
Geographic subdivision Армения
650 14 - SUBJECT ADDED ENTRY--TOPICAL TERM
Topical term or geographic name entry element Землетрясения
Geographic subdivision Спитак, г. (Армения)
Active dates 7 декабря 1988 года
650 14 - SUBJECT ADDED ENTRY--TOPICAL TERM
Topical term or geographic name entry element Общество Красного Креста и Красного Полумесяца
General subdivision Международные связи
650 14 - SUBJECT ADDED ENTRY--TOPICAL TERM
Topical term or geographic name entry element Спасательные бригады и отряды
700 1# - ADDED ENTRY--PERSONAL NAME
Personal name Григорова, Л.Ф.
Relator term сост.
Relationship com
700 1# - ADDED ENTRY--PERSONAL NAME
Personal name Гаспарян, Ануш Аракеловна
Relator term сост.
Relationship com
700 1# - ADDED ENTRY--PERSONAL NAME
Personal name Մանուկյան, Լևոն Խանաևի,
Dates associated with a name 1938-
Relator term сост.
Relationship com
9 (RLIN) 2691
700 1# - ADDED ENTRY--PERSONAL NAME
Personal name Степанов, Н.П.
Relator term худож.
Relationship art
942 ## - ADDED ENTRY ELEMENTS (KOHA)
Source of classification or shelving scheme
Koha item type Գրքեր / Books
Holdings
Withdrawn status Lost status Source of classification or shelving scheme Damaged status Not for loan Collection Home library Current library Date acquired Total checkouts Full call number Barcode Date last seen Price effective from Koha item type Public note
    Universal Decimal Classification     General Fundamental Scientific Library Fundamental Scientific Library 12/01/2022   РД II/67709 FL0668738 12/01/2022 12/01/2022 Գրքեր / Books 30 Days Loan


ՀՀ ԳԱԱ հիմնարար գիտական գրադարան
ՀՀ,Երևան 0019
Մարշալ Բաղրամյան 24/6
հեռախոս:(374-10) 52-47-50
Հետադարձ կապ

All site content, except where otherwise noted, is licensed under a
Creative Commons License